000 00264nam a2200109Ia 4500
001 1272362
005 20260417151427.0
008 260417s9999 xx 000 0 und d
020 _a9786255929877
245 0 _aÇok Susadık!
_cÖmer Kaya
260 _bKetebe Çocuk
999 _c1272362
_d1272362